Nekrolog 2024 Bildquiz - Statistiken

Allgemein
  • Dieses Quiz wurde 30 mal gespielt
  • Das Durchschnittsergebnis liegt bei 8 aus 20
Antwortstatistiken
Bildquiz Hint Antwort % Korrekt
7. Januar Franz Beckenbauer
96%
24. August Christoph Daum
75%
29. Dezember Jimmy Carter
64%
25. März Fritz Wepper
61%
10. April O.J. Simpson
61%
16. Februar Alexei Nawalny
54%
23. Januar Frank Farian
50%
20. Februar Andreas Brehme
46%
12. August Richard Lugner
46%
20. Juni Donald Sutherland
39%
1. Juni Ruth Maria Kubitschek
39%
18. August Alain Delon
36%
9. September Caterina Valente
32%
15. April Bernd Hölzenbein
14%
20. Mai Karl-Heinz Schnellinger
14%
3. November Quincy Jones
14%
13. Juli Shannen Doherty
14%
16. Oktober Liam Payne
11%
3. Juni Brigitte Bierlein
0%
9. August Susan Wojcicki
0%
Keine übereinstimmenden Quizze gefunden
Verteilung der Resultate
Anzahl Personen mit jedem Resultat
Perzentil nach korrekt beantworteten Fragen
Ihre Resultats-Entwicklung
Sie haben dieses Quiz noch nicht gespielt